Dollar pinching (Record no. 1240)

MARC details
000 -LEADER
fixed length control field 00414nam a2200145Ia 4500
008 - FIXED-LENGTH DATA ELEMENTS--GENERAL INFORMATION
fixed length control field 230312s9999||||xx |||||||||||||| ||und||
082 ## - DEWEY DECIMAL CLASSIFICATION NUMBER
Classification number 640.42
Item number BRA- D
100 ## - MAIN ENTRY--PERSONAL NAME
Personal name Branch Shelly
245 #0 - TITLE STATEMENT
Title Dollar pinching
260 ## - PUBLICATION, DISTRIBUTION, ETC.
Name of publisher, distributor, etc. Warner Books
Place of publication, distribution, etc. New York
Date of publication, distribution, etc. 1997
300 ## - PHYSICAL DESCRIPTION
Extent 196
546 ## - LANGUAGE NOTE
Language note Eng.
650 ## - SUBJECT ADDED ENTRY--TOPICAL TERM
Topical term or geographic name entry element Architecture
Form subdivision A Tribute to the consumer's might, reap mansion size savingswhen youbuy or sell
942 ## - ADDED ENTRY ELEMENTS (KOHA)
Koha item type BOOK
Holdings
Withdrawn status Lost status Source of classification or shelving scheme Damaged status Not for loan Home library Current library Date acquired Total Checkouts Full call number Barcode Date last seen Price effective from Koha item type
    Dewey Decimal Classification     Superior Information Resource Center (SIRC) Superior University- Gold Campus Superior Information Resource Center (SIRC) Superior University- Gold Campus 03/13/2023   640.42 BRA- D 1250 03/13/2023 03/13/2023 BOOK

Powered by Koha